[Event "Mecklenburg VP LL2 Ost 1819"]
[Site "Mecklenburg VP"]
[Date "2018.11.25"]
[Round "3.8"]
[White "Hiltner, Harald"]
[Black "Wolfgramm, Theo"]
[Result "0-1"]
[WhiteElo "1495"]
[BlackElo "1648"]
[PlyCount "62"]
[EventDate "2018.10.21"]
[EventType "team-tourn"]
[EventRounds "9"]
[EventCountry "GER"]
[SourceTitle "EXT 2022"]
[Source "ChessBase"]
[SourceDate "2021.10.06"]
[SourceVersion "1"]
[SourceVersionDate "2021.10.06"]
[SourceQuality "1"]
[WhiteTeam "Waterkant Saal SV"]
[BlackTeam "Torgelow Droegeheide II"]
[WhiteTeamCountry "GER"]
[BlackTeamCountry "GER"]

1. e4 e6 2. d4 d5 3. exd5 exd5 4. Nf3 Bd6 5. Bg5 f6 6. Bh4 Ne7 7. Bg3 Nbc6 8. c3 Bxg3 9. hxg3 a6 10. Bd3 Bf5 11. Nh4 Qd7 12. Nxf5 Nxf5 13. Qe2+ Nce7 14. g4 Nh6 15. f3 0-0-0 16. Nd2 Rde8 17. 0-0-0 Ng6 18. Qf1 Nf4 19. Bc2 Ne2+ 20. Kb1 Ng3 21. Qf2 Nxh1 22. Rxh1 Kb8 23. Kc1 Re7 24. Re1 Rxe1+ 25. Qxe1 Re8 26. Qf2 g6 27. Nf1 f5 28. gxf5 Nxf5 29. Kd1 h6 30. Ng3 Nxg3 31. Qxg3 Qb5 0-1

[Event "Mecklenburg VP LL2 Ost 1617"]
[Site "Mecklenburg VP"]
[Date "2017.03.19"]
[Round "7.8"]
[White "Schulze, Christoph"]
[Black "Hiltner, Harald"]
[Result "1-0"]
[WhiteElo "1571"]
[BlackElo "1518"]
[PlyCount "67"]
[EventDate "2016.10.16"]
[EventType "team-tourn"]
[EventRounds "9"]
[EventCountry "GER"]
[SourceTitle "EXT 2022"]
[Source "ChessBase"]
[SourceDate "2021.10.06"]
[SourceVersion "1"]
[SourceVersionDate "2021.10.06"]
[SourceQuality "1"]
[WhiteTeam "Rostock SSC 07 III"]
[BlackTeam "Waterkant Saal SV"]
[WhiteTeamCountry "GER"]
[BlackTeamCountry "GER"]

1. e4 e5 2. Nf3 d6 3. d4 exd4 4. Bc4 Be6 5. Bxe6 fxe6 6. Nxd4 e5 7. Ne6 Qe7 8. Qd5 Nc6 9. Bg5 Nf6 10. Qb3 Rb8 11. 0-0 Kd7 12. Nxf8+ Rhxf8 13. Nc3 Qe6 14. Qxe6+ Kxe6 15. Bxf6 Rxf6 16. Nd5 Rf7 17. c3 Kd7 18. Rad1 Ne7 19. Ne3 Rf4 20. f3 Rbf8 21. Rd3 h5 22. b4 h4 23. Ng4 Ke6 24. b5 Nc8 25. Ne3 Ne7 26. h3 g5 27. c4 b6 28. a4 R4f7 29. a5 Ra8 30. Ra1 Rff8 31. Rda3 Nc8 32. Nd5 Rf7 33. Kf2 Ne7 34. Nxc7+ 1-0

[Event "Mecklenburg VP LL2 Ost 1617"]
[Site "Mecklenburg VP"]
[Date "2017.01.15"]
[Round "5.8"]
[White "Schmidt, Paul1111"]
[Black "Hiltner, Harald"]
[Result "1-0"]
[WhiteElo "1424"]
[BlackElo "1518"]
[PlyCount "67"]
[EventDate "2016.10.16"]
[EventType "team-tourn"]
[EventRounds "9"]
[EventCountry "GER"]
[SourceTitle "EXT 2022"]
[Source "ChessBase"]
[SourceDate "2021.10.06"]
[SourceVersion "1"]
[SourceVersionDate "2021.10.06"]
[SourceQuality "1"]
[WhiteTeam "Torgelow Droegeheide II"]
[BlackTeam "Waterkant Saal SV"]
[WhiteTeamCountry "GER"]
[BlackTeamCountry "GER"]

1. e4 e5 2. Nf3 Nc6 3. Bb5 d6 4. d4 exd4 5. Nxd4 Bd7 6. 0-0 Nxd4 7. Bxd7+ Qxd7 8. Qxd4 Nf6 9. Nc3 Be7 10. Be3 0-0 11. Rad1 Rfd8 12. Rfe1 Ng4 13. Bf4 f6 14. Bg3 Qc6 15. f4 Qb6 16. Qxb6 axb6 17. Nd5 Kf7 18. h3 Nh6 19. a3 f5 20. Nxe7 Kxe7 21. Bh4+ Kf7 22. Bxd8 Rxd8 23. e5 d5 24. Rd3 Ke6 25. Red1 Ng8 26. c4 Ne7 27. g4 c6 28. Kf2 g6 29. Ke3 c5 30. cxd5+ Nxd5+ 31. Kd2 b5 32. Kc1 Rd7 33. gxf5+ gxf5 34. R1d2 1-0

[Event "Mecklenburg VP LL2 Ost 1617"]
[Site "Mecklenburg VP"]
[Date "2016.11.06"]
[Round "2.7"]
[White "Jabbusch, Burkhard"]
[Black "Hiltner, Harald"]
[Result "1/2-1/2"]
[WhiteElo "1587"]
[BlackElo "1518"]
[PlyCount "96"]
[EventDate "2016.10.16"]
[EventType "team-tourn"]
[EventRounds "9"]
[EventCountry "GER"]
[SourceTitle "EXT 2022"]
[Source "ChessBase"]
[SourceDate "2021.10.06"]
[SourceVersion "1"]
[SourceVersionDate "2021.10.06"]
[SourceQuality "1"]
[WhiteTeam "Stralsund FHSG II"]
[BlackTeam "Waterkant Saal SV"]
[WhiteTeamCountry "GER"]
[BlackTeamCountry "GER"]

1. f4 d6 2. Nf3 Nf6 3. d3 Nc6 4. e4 e5 5. Nc3 Bg4 6. Be2 Bxf3 7. Bxf3 Nd4 8. Be3 Nxf3+ 9. Qxf3 g6 10. 0-0-0 exf4 11. Bxf4 Nh5 12. Rhf1 Nxf4 13. Qxf4 Qd7 14. d4 h5 15. Qf3 c6 16. d5 Bh6+ 17. Kb1 0-0 18. h3 Rae8 19. g4 Re5 20. Rg1 h4 21. dxc6 bxc6 22. Qf6 Re6 23. Qxh4 Bg7 24. Qg3 Bxc3 25. Qxc3 Rxe4 26. a3 Rfe8 27. Rd3 d5 28. Rf3 R8e7 29. Rgf1 Qe6 30. Rf6 Re1+ 31. Rxe1 Qxe1+ 32. Qxe1 Rxe1+ 33. Ka2 Re6 34. Rf4 Re4 35. Rf3 Kg7 36. c3 f6 37. b4 Kf7 38. Kb3 Ke6 39. Ka4 c5 40. Kb5 cxb4 41. axb4 Rc4 42. Ka6 Rc7 43. b5 g5 44. Re3+ Kd7 45. h4 gxh4 46. Rh3 Ke6 47. Rxh4 Rxc3 48. Kxa7 d4 1/2-1/2

[Event "Mecklenburg VP LL2 Ost 1617"]
[Site "Mecklenburg VP"]
[Date "2016.10.16"]
[Round "1.8"]
[White "Ploch, Gregor"]
[Black "Hiltner, Harald"]
[Result "1/2-1/2"]
[WhiteElo "1660"]
[BlackElo "1518"]
[PlyCount "31"]
[EventDate "2016.10.16"]
[EventType "team-tourn"]
[EventRounds "9"]
[EventCountry "GER"]
[SourceTitle "EXT 2022"]
[Source "ChessBase"]
[SourceDate "2021.10.06"]
[SourceVersion "1"]
[SourceVersionDate "2021.10.06"]
[SourceQuality "1"]
[WhiteTeam "Wolgast Motor"]
[BlackTeam "Waterkant Saal SV"]
[WhiteTeamCountry "GER"]
[BlackTeamCountry "GER"]

1. c4 e5 2. Nc3 Nc6 3. Nf3 g6 4. g3 Bg7 5. Bg2 d5 6. 0-0 Nge7 7. d3 0-0 8. e4 Bg4 9. Ne2 Qc8 10. Be3 Bxf3 11. Bxf3 Nd4 12. Bg2 c5 13. Nc3 Qd7 14. Nxd5 Nxd5 15. cxd5 b6 16. Rb1 1/2-1/2

[Event "Mecklenburg VP LL2 Ost 1516"]
[Site "Mecklenburg VP"]
[Date "2015.12.13"]
[Round "4.8"]
[White "Hiltner, Harald"]
[Black "Zimmermann, Frank"]
[Result "0-1"]
[WhiteElo "1565"]
[BlackElo "1581"]
[PlyCount "106"]
[EventDate "2015.09.20"]
[EventType "team-tourn"]
[EventRounds "9"]
[EventCountry "GER"]
[SourceTitle "EXT 2022"]
[Source "ChessBase"]
[SourceDate "2021.10.06"]
[SourceVersion "1"]
[SourceVersionDate "2021.10.06"]
[SourceQuality "1"]
[WhiteTeam "Waterkant Saal SV"]
[BlackTeam "Wolgast Motor"]
[WhiteTeamCountry "GER"]
[BlackTeamCountry "GER"]

1. e4 e5 2. Nf3 Nc6 3. d3 Nf6 4. Be2 d6 5. 0-0 Bg4 6. Be3 Be7 7. Nc3 0-0 8. Nd2 Qd7 9. Nd5 Bxe2 10. Nxe7+ Nxe7 11. Qxe2 Ng4 12. f4 Nxe3 13. Qxe3 exf4 14. Rxf4 f5 15. exf5 Nd5 16. Qd4 Nxf4 17. Qxf4 Qxf5 18. Qxf5 Rxf5 19. Rf1 Raf8 20. Nf3 g5 21. Nd2 Kg7 22. Rxf5 Rxf5 23. Ne4 h6 24. Ng3 Rf7 25. Ne4 Rf4 26. Nf2 d5 27. g3 Rf3 28. Kf1 h5 29. Ke2 Rf6 30. Nd1 c6 31. d4 Re6+ 32. Kf2 Re4 33. c3 h4 34. Ne3 hxg3+ 35. hxg3 Kg6 36. g4 a5 37. Ke2 Rf4 38. a3 b6 39. b3 Kf6 40. Kd3 Ke6 41. b4 Rf2 42. c4 Ra2 43. cxd5+ cxd5 44. Nc2 Rb2 45. Kc3 Rb1 46. bxa5 bxa5 47. Ne3 a4 48. Kd2 Rb3 49. Nc2 Kd6 50. Ke2 Kc6 51. Kd2 Kb5 52. Ke2 Rb2 53. Kd2 Rxc2+ 0-1

[Event "Mecklenburg VP LL2 Ost 1213"]
[Site "Mecklenburg VP"]
[Date "2012.11.25"]
[Round "3.7"]
[White "Behm, Lisa"]
[Black "Hiltner, Harald"]
[Result "1-0"]
[WhiteElo "1311"]
[BlackElo "1543"]
[PlyCount "47"]
[EventDate "2012.10.14"]
[EventType "team-tourn"]
[EventRounds "9"]
[EventCountry "GER"]
[SourceTitle "EXT 2022"]
[Source "ChessBase"]
[SourceDate "2021.10.06"]
[SourceVersion "1"]
[SourceVersionDate "2021.10.06"]
[SourceQuality "1"]
[WhiteTeam "Torgelow Droegeheide II"]
[BlackTeam "Waterkant Saal SV"]
[WhiteTeamCountry "GER"]
[BlackTeamCountry "GER"]

1. e4 e5 2. Nf3 Nc6 3. d4 Nxd4 4. Nxd4 exd4 5. Qxd4 d6 6. Nc3 Ne7 7. Be3 Nc6 8. Qd2 Ne5 9. Be2 g6 10. f4 Nc6 11. 0-0-0 Bg7 12. g4 Bd7 13. Nd5 Ne7 14. h4 Nxd5 15. Qxd5 Be6 16. Qb5+ Bd7 17. Qb4 0-0 18. f5 Be5 19. fxg6 fxg6 20. Qc4+ Kh8 21. Bd4 b5 22. Bxe5+ dxe5 23. Qd5 Re8 24. Qxd7 1-0

[Event "Mecklenburg VP LL2 Ost 1213"]
[Site "Mecklenburg VP"]
[Date "2012.11.11"]
[Round "2.7"]
[White "Hiltner, Harald"]
[Black "Klingenberg, Dietrich"]
[Result "1-0"]
[WhiteElo "1543"]
[BlackElo "1670"]
[PlyCount "45"]
[EventDate "2012.10.14"]
[EventType "team-tourn"]
[EventRounds "9"]
[EventCountry "GER"]
[SourceTitle "EXT 2022"]
[Source "ChessBase"]
[SourceDate "2021.10.06"]
[SourceVersion "1"]
[SourceVersionDate "2021.10.06"]
[SourceQuality "1"]
[WhiteTeam "Waterkant Saal SV"]
[BlackTeam "Bergen Rugia"]
[WhiteTeamCountry "GER"]
[BlackTeamCountry "GER"]

1. e4 c6 2. Nf3 d5 3. exd5 cxd5 4. d4 e6 5. c3 Nf6 6. Bg5 Be7 7. Bd3 Nc6 8. 0-0 h6 9. Bh4 Ne4 10. Bxe7 Qxe7 11. Nbd2 f5 12. Bb5 0-0 13. Bxc6 bxc6 14. Ne5 Qe8 15. Nxe4 fxe4 16. f3 exf3 17. Rxf3 Bb7 18. Rxf8+ Qxf8 19. Qe2 Qe7 20. Re1 Rf8 21. Ng6 Qf6 22. Nxf8 Kxf8 23. Rf1 1-0

[Event "Mecklenburg VP LL2 Ost 1213"]
[Site "Mecklenburg VP"]
[Date "2012.10.14"]
[Round "1.7"]
[White "Giering, Nils"]
[Black "Hiltner, Harald"]
[Result "1-0"]
[WhiteElo "1547"]
[BlackElo "1543"]
[PlyCount "87"]
[EventDate "2012.10.14"]
[EventType "team-tourn"]
[EventRounds "9"]
[EventCountry "GER"]
[SourceTitle "EXT 2022"]
[Source "ChessBase"]
[SourceDate "2021.10.06"]
[SourceVersion "1"]
[SourceVersionDate "2021.10.06"]
[SourceQuality "1"]
[WhiteTeam "Gryps SV"]
[BlackTeam "Waterkant Saal SV"]
[WhiteTeamCountry "GER"]
[BlackTeamCountry "GER"]

1. Nf3 d5 2. d4 Nc6 3. c4 Nf6 4. Nc3 e6 5. Bg5 Be7 6. e3 0-0 7. Bd3 h6 8. Bh4 Ne8 9. Bxe7 Nxe7 10. c5 Nf6 11. 0-0 Nc6 12. Rb1 Re8 13. Bb5 Bd7 14. b4 Ne7 15. Bxd7 Qxd7 16. Ne5 Qd8 17. b5 Nd7 18. f4 f6 19. Nxd7 Qxd7 20. b6 axb6 21. cxb6 c6 22. Na4 Nf5 23. Nc5 Qc8 24. Qe2 Nd6 25. a4 Ne4 26. Nxe4 dxe4 27. Ra1 Qd7 28. Qc4 Ra5 29. f5 Kh8 30. fxe6 Rxe6 31. Qb4 Rd5 32. Rfc1 Re8 33. Rc5 Ra8 34. a5 Rxc5 35. Qxc5 Kg8 36. Qc4+ Kf8 37. a6 Ke7 38. a7 Qd8 39. Qc5+ Qd6 40. Qxd6+ Kxd6 41. Ra5 g6 42. Kf2 Ke6 43. Kg3 f5 44. Re5+ 1-0

[Event "Mecklenburg VP LL2 Ost 1112"]
[Site "Mecklenburg VP"]
[Date "2012.01.15"]
[Round "5.7"]
[White "Worm, Alfred"]
[Black "Hiltner, Harald"]
[Result "0-1"]
[WhiteElo "1713"]
[BlackElo "1526"]
[PlyCount "108"]
[EventDate "2011.10.02"]
[EventType "team-tourn"]
[EventRounds "9"]
[EventCountry "GER"]
[SourceTitle "EXT 2022"]
[Source "ChessBase"]
[SourceDate "2021.10.06"]
[SourceVersion "1"]
[SourceVersionDate "2021.10.06"]
[SourceQuality "1"]
[WhiteTeam "Rostock SSC 07 III"]
[BlackTeam "Waterkant Saal SV"]
[WhiteTeamCountry "GER"]
[BlackTeamCountry "GER"]

1. e4 e5 2. Nc3 Nc6 3. f4 exf4 4. Nf3 d6 5. d4 Bg4 6. Bxf4 Nf6 7. h3 Bxf3 8. gxf3 Nd7 9. Rg1 g6 10. Qd2 Bg7 11. Bd3 Qf6 12. Nd5 Qd8 13. 0-0-0 Nf6 14. Bg5 h6 15. Nxf6+ Bxf6 16. Be3 Qe7 17. c3 0-0-0 18. Bxh6 Rh7 19. Be3 a6 20. Be2 d5 21. e5 Bh4 22. f4 Qe6 23. c4 Ne7 24. Qb4 Qc6 25. c5 Nf5 26. Bd2 Bf2 27. Rgf1 Bxd4 28. Kb1 Qxc5 29. Rfe1 Qxb4 30. Bxb4 c5 31. Ba5 Ne3 32. Rxd4 cxd4 33. Rc1+ Kd7 34. Rc7+ Ke6 35. Bf3 Rd7 36. Rc8 f6 37. Re8+ Kf7 38. Rb8 fxe5 39. fxe5 Ke6 40. Bb4 Kxe5 41. Re8+ Kf4 42. Be2 Rxh3 43. Rf8+ Kg5 44. Bf3 Rg3 45. b3 Rg1+ 46. Kb2 Nd1+ 47. Kc2 Ne3+ 48. Kd3 Nf5 49. Bd2+ Kh4 50. Bf4 Rh7 51. Bxd5 Kg4 52. Bd2 Rg3+ 53. Ke2 Rh2+ 54. Kd1 Rg1+ 0-1

[Event "Mecklenburg VP LL2 Ost 1112"]
[Site "Mecklenburg VP"]
[Date "2011.10.23"]
[Round "2.7"]
[White "Hiltner, Harald"]
[Black "Augstein, Joerg"]
[Result "0-1"]
[WhiteElo "1526"]
[BlackElo "1690"]
[PlyCount "48"]
[EventDate "2011.10.02"]
[EventType "team-tourn"]
[EventRounds "9"]
[EventCountry "GER"]
[SourceTitle "EXT 2022"]
[Source "ChessBase"]
[SourceDate "2021.10.06"]
[SourceVersion "1"]
[SourceVersionDate "2021.10.06"]
[SourceQuality "1"]
[WhiteTeam "Waterkant Saal SV"]
[BlackTeam "Torgelow Droegeheide II"]
[WhiteTeamCountry "GER"]
[BlackTeamCountry "GER"]

1. e4 e5 2. Nf3 d5 3. exd5 Bd6 4. Nc3 f5 5. d3 Nf6 6. Bg5 0-0 7. Qd2 c6 8. 0-0-0 Qa5 9. a3 cxd5 10. Ne4 Qxd2+ 11. Nexd2 Nc6 12. Nb3 Be6 13. Bxf6 Rxf6 14. d4 e4 15. Nfd2 a5 16. c3 a4 17. Na1 f4 18. Nc2 Bf5 19. g3 Rc8 20. Bg2 Na5 21. Ne1 Kh8 22. Nc2 e3 23. fxe3 fxe3 24. Nxe3 Rxc3+ 0-1

[Event "Mecklenburg VP LL2 Ost 0809"]
[Site "Mecklenburg VP"]
[Date "2009.03.29"]
[Round "9.7"]
[White "Stoevesand, Peter"]
[Black "Hiltner, Harald"]
[Result "1-0"]
[WhiteElo "1449"]
[BlackElo "1507"]
[PlyCount "120"]
[EventDate "2008.09.28"]
[EventType "team-tourn"]
[EventRounds "9"]
[EventCountry "GER"]
[SourceTitle "EXT 2022"]
[Source "ChessBase"]
[SourceDate "2021.10.06"]
[SourceVersion "1"]
[SourceVersionDate "2021.10.06"]
[SourceQuality "1"]
[WhiteTeam "Neubrandenburg SG Eintracht II"]
[BlackTeam "Waterkant Saal SV"]
[WhiteTeamCountry "GER"]
[BlackTeamCountry "GER"]

1. e4 e5 2. Nf3 d6 3. Bc4 Bg4 4. h3 Bxf3 5. Qxf3 Qd7 6. Nc3 Nc6 7. Ne2 Na5 8. Bb3 Nxb3 9. Qxb3 b6 10. 0-0 Nf6 11. d3 Be7 12. Bd2 0-0 13. Ng3 a5 14. a4 Ne8 15. Nf5 Bf6 16. c3 g6 17. Ng3 Qe6 18. Qc2 Bg7 19. f4 exf4 20. Bxf4 Be5 21. Qd2 Ng7 22. d4 Bxf4 23. Rxf4 f5 24. Re1 Rae8 25. d5 Qe5 26. Re2 g5 27. Rf3 f4 28. Nh1 h5 29. Nf2 Nf5 30. Nd3 Qe7 31. e5 Ng3 32. Re1 h4 33. e6 Rf5 34. c4 Qf6 35. Nf2 Re5 36. Rxe5 Qxe5 37. Ng4 Qg7 38. Qd3 Rf8 39. Rf2 Nf5 40. Re2 Ne7 41. Nf2 Rf5 42. Ne4 Qf8 43. Rf2 Ng6 44. Nd2 Ne7 45. Nf3 Qf6 46. Re2 Qg6 47. Nd4 Rf6 48. Qxg6+ Rxg6 49. Nb5 Rf6 50. Nxc7 f3 51. Rf2 Rf4 52. b3 Nf5 53. Rxf3 Rxf3 54. gxf3 Kf8 55. Na8 Nd4 56. Kf2 Nxb3 57. Nxb6 Nc5 58. Ke3 Ke7 59. f4 g4 60. hxg4 h3 1-0

[Event "Mecklenburg VP LL2 Ost 0708"]
[Site "Mecklenburg VP"]
[Date "2008.04.20"]
[Round "9.8"]
[White "Hiltner, Harald"]
[Black "Radloff, Arno"]
[Result "1/2-1/2"]
[WhiteElo "1536"]
[BlackElo "1465"]
[PlyCount "104"]
[EventDate "2007.10.21"]
[EventType "team-tourn"]
[EventRounds "9"]
[EventCountry "GER"]
[SourceTitle "EXT 2016"]
[Source "ChessBase"]
[SourceDate "2015.10.08"]
[SourceVersion "1"]
[SourceVersionDate "2015.10.08"]
[SourceQuality "1"]
[WhiteTeam "Saal Waterkant"]
[BlackTeam "Neubrandenburg SG Eintracht II"]
[WhiteTeamCountry "GER"]
[BlackTeamCountry "GER"]

1. e4 e6 2. Nf3 d5 3. exd5 exd5 4. d4 Nf6 5. Be2 Bd6 6. Bg5 h6 7. Bh4 0-0 8. 0-0 c6 9. Nbd2 Bf5 10. c3 Nbd7 11. Re1 Qc7 12. Nf1 Rfe8 13. Bg3 Re7 14. Bxd6 Qxd6 15. Ng3 Bh7 16. Qd2 Ne4 17. Qd1 Nxg3 18. hxg3 Rae8 19. Bd3 Rxe1+ 20. Nxe1 Rxe1+ 21. Qxe1 Bxd3 22. Qe8+ Nf8 23. Re1 Bf5 24. Re7 Be6 25. Rxb7 Bd7 26. Qe2 a6 27. Ra7 Qe6 28. Qxe6 fxe6 29. Rxa6 Kf7 30. f4 Ke7 31. Kf2 Nh7 32. Ra7 Nf6 33. a4 Kd6 34. a5 c5 35. Rb7 c4 36. Rb8 Kc7 37. Rf8 Be8 38. Kf3 Kb7 39. g4 Bg6 40. f5 exf5 41. gxf5 Bxf5 42. Rf7+ Ka6 43. Rxg7 Be4+ 44. Ke3 Kxa5 45. g3 Ka4 46. Rb7 h5 47. Kf4 Bc2 48. Kg5 Ne4+ 49. Kxh5 Nxg3+ 50. Kg4 Ne2 51. Kf3 Nc1 52. Ke3 Be4 1/2-1/2

[Event "Mecklenburg VP LL2 Ost 0708"]
[Site "Mecklenburg VP"]
[Date "2007.10.21"]
[Round "1.7"]
[White "Hiltner, Harald"]
[Black "Boesenberg, Heiko"]
[Result "1/2-1/2"]
[WhiteElo "1536"]
[BlackElo "1628"]
[PlyCount "68"]
[EventDate "2007.10.21"]
[EventType "team-tourn"]
[EventRounds "9"]
[EventCountry "GER"]
[SourceTitle "EXT 2016"]
[Source "ChessBase"]
[SourceDate "2015.10.08"]
[SourceVersion "1"]
[SourceVersionDate "2015.10.08"]
[SourceQuality "1"]
[WhiteTeam "Saal Waterkant"]
[BlackTeam "Wolgast Motor"]
[WhiteTeamCountry "GER"]
[BlackTeamCountry "GER"]

1. e4 e6 2. Nf3 d5 3. exd5 exd5 4. d4 Nf6 5. Bg5 Be7 6. Bxf6 Bxf6 7. c3 0-0 8. Be2 Re8 9. 0-0 Bf5 10. Bd3 Bxd3 11. Qxd3 Qd6 12. Nbd2 Nd7 13. Rae1 c5 14. Rxe8+ Rxe8 15. b3 Nf8 16. dxc5 Qxc5 17. Nd4 Ng6 18. N2f3 Nf4 19. Qd2 g5 20. Re1 Ne6 21. Ne5 Nxd4 22. cxd4 Qd6 23. Nf3 Rxe1+ 24. Nxe1 Qe6 25. Nc2 Qe4 26. g3 Kg7 27. h3 h5 28. Ne3 Kg6 29. Nc2 g4 30. hxg4 Qxg4 31. Qd3+ Qe4 32. Qxe4+ dxe4 33. Kf1 Kf5 34. Ke2 Bg5 1/2-1/2